000 01828nam a22001577a 4500
999 _c521911
_d521911
008 230302b ||||| |||| 00| 0 eng d
100 _aDurmus, Elif and Oomen, Barbara
_937840
245 _aTransnational city networks and their contributions to norm-generation in international law: The case of migration
260 _aLocal Government Studies
300 _a48(6), Dec, 2022: p.1048-1069
520 _aLocal governments and transnational city networks (‘TCNs’) have been increasingly engaging with norm-generation in the traditionally state-centric international law and migration governance. We identified two modes of this engagement: participation in mainstream state-centric processes, and norm-generation within their own networks. Through four examples, his article identifies four functions of this jurisgenerative activity. Theexternal function is bringing local interests and expertise to influence international normative developments. The internal function is regulating local governments' behaviour towards their own citizens, creating and upholding standards. Through a horizontal function, local governments recruit peers and rally around normative documents that offer a compact, crystallised expression of their interests. The integrating function enables local governments to combine fragmented issues of international law in unified, practical toolkits for their own use. All throughout, TCNs challenge state-centric international law and their traditional exclusion from it by demonstrating competence and fluency in international norm-generation relating to migration. – Reproduced
650 _aInternational law, Transnational city networks, Human rights, Migration, Norm-generation, Local governments.
_936293
773 _aLocal Government Studies
906 _aMIGRATION
942 _cAR